Co może być drugie? - Statystyki

Ogólne statystyki
  • Ten quiz został rozwiązany 45 razy
    9 od ostatniego zresetowania
  • Średni wynik to 2 z 5
Statystyki odpowiedzi
Odpowiedź % Poprawnych
Miejsce
88%
Danie
38%
Imię
38%
Żona | Mąż
25%
Śniadanie
13%
Nie znaleziono quizów pasujących do podanych kryteriów
Rozkład punktacji
Procent ludzi z każdym wynikiem
Percentyl według liczby udzielonych odpowiedzi
Twoja historia wyników
Nie rozwiązałeś tego quizu od ostatniego zresetowania